[Event "Schachfestival Basel"]
[Site "?"]
[Date "2017.01.07"]
[Round "8.16"]
[White "Filipovic, Branko"]
[Black "Stillger, Bernhard"]
[Result "1-0"]
[WhiteElo "2402"]
[BlackElo "2261"]
[PlyCount "147"]
[EventDate "2017.01.??"]
[EventType "swiss"]
[EventRounds "9"]

1. d4 e6 2. Bf4 Nf6 3. e3 c5 4. Nf3 Nc6 5. Nbd2 d5 6. c3 Bd6 7. Bg3 O-O 8. Bb5
a6 9. Bxc6 bxc6 10. Qa4 Bxg3 11. hxg3 Qb6 12. O-O a5 13. Rfc1 Ba6 14. Nb3 cxd4
15. cxd4 Bc4 16. Nc5 Qxb2 17. Ne5 Bb5 18. Qd1 a4 19. a3 Qe2 20. Qxe2 Bxe2 21.
Nxc6 Bb5 22. Ne5 Rfb8 23. Rab1 Be8 24. f3 Kf8 25. Kf2 Ke7 26. Ke1 h6 27. Kd2
Nh7 28. Rb7+ Rxb7 29. Nxb7 f6 30. Rc7+ Kf8 31. Nd3 Kg8 32. Nd6 Bg6 33. Nc5 Nf8
34. Rc8 Rxc8 35. Nxc8 Be8 36. Nb6 Kf7 37. Nbxa4 Ke7 38. Nc3 Nd7 39. Nxd7 Kxd7
40. g4 Kc6 41. Ne2 g5 42. Kc3 Kb5 43. Kb3 Ka5 44. Ng3 Bb5 45. f4 gxf4 46. exf4
Ba4+ 47. Kc3 Bd1 48. Nh5 Bxg4 49. Nxf6 Bf5 50. g4 Bg6 51. Nh5 Ka4 52. Kb2 Kb5
53. Kb3 Ka5 54. Ng3 Kb5 55. f5 exf5 56. Nxf5 h5 57. Nh4 Bf7 58. g5 Ka5 59. g6
Be6 60. Kc3 Ka4 61. Kd3 Kxa3 62. Ke3 Kb3 63. Kf4 Kc4 64. Ke5 Bg8 65. Nf5 Kd3
66. g7 Kc4 67. Ne3+ Kb5 68. Nxd5 h4 69. Ne7 Bh7 70. Kf4 Kc4 71. Kg4 h3 72. Kxh3
Kxd4 73. Kh4 Ke5 74. Kg5 1-0

[Event "Schachfestival Basel"]
[Site "?"]
[Date "2017.01.07"]
[Round "8.17"]
[White "Rahnfeld, Jens"]
[Black "Botta, Gabriele"]
[Result "1/2-1/2"]
[WhiteElo "2274"]
[BlackElo "2377"]
[PlyCount "27"]
[EventDate "2017.01.??"]
[EventType "swiss"]
[EventRounds "9"]

1. e4 c6 2. d4 d5 3. Nd2 dxe4 4. Nxe4 Bf5 5. Ng3 Bg6 6. h4 h6 7. Nf3 Nd7 8. h5
Bh7 9. Bd3 Bxd3 10. Qxd3 e6 11. Bd2 Ngf6 12. O-O-O Rc8 13. Kb1 Be7 14. Ne4
1/2-1/2

[Event "Schachfestival Basel"]
[Site "?"]
[Date "2017.01.07"]
[Round "8.18"]
[White "Kozak, Adam"]
[Black "Low, Zhen Yu Cyrus"]
[Result "1/2-1/2"]
[WhiteElo "2376"]
[BlackElo "2245"]
[PlyCount "119"]
[EventDate "2017.01.??"]
[EventType "swiss"]
[EventRounds "9"]

1. Nf3 Nf6 2. c4 c5 3. g3 g6 4. Bg2 Bg7 5. Nc3 Nc6 6. d4 d5 7. O-O O-O 8. dxc5
dxc4 9. Qa4 Qa5 10. Qxc4 Be6 11. Qh4 Qxc5 12. Bh6 Qh5 13. Bxg7 Qxh4 14. Nxh4
Kxg7 15. Bxc6 bxc6 16. Rfc1 c5 17. b3 c4 18. bxc4 Rfc8 19. Ng2 Rxc4 20. Ne3 Rc5
21. a4 Rac8 22. Na2 Ne4 23. Rxc5 Nxc5 24. Nb4 a5 25. Nbd5 Kf8 26. Ra3 Rd8 27.
Nf4 Rd4 28. Rc3 Nxa4 29. Nxe6+ fxe6 30. Rc4 Rxc4 31. Nxc4 Nc3 32. Nxa5 Nxe2+
33. Kg2 Nd4 34. Nc4 Kf7 35. f3 Kf6 36. Kf2 e5 37. Ke3 Nf5+ 38. Kd3 Nd6 39. Ne3
Ke6 40. Ng4 Nb7 41. Ke3 Nc5 42. Nf2 Kf5 43. Nh3 h6 44. Nf2 Ne6 45. Ne4 Nd8 46.
Nc3 Nf7 47. Ne4 Nd6 48. Nc5 h5 49. h4 Nf7 50. Nd7 Nh6 51. Nc5 Kf6 52. Nd7+ Ke6
53. Nf8+ Kf5 54. Nd7 Ng8 55. Nb8 Nh6 56. Nd7 Nf7 57. Nc5 Nd8 58. Ne4 Nb7 59.
g4+ hxg4 60. Ng3+ 1/2-1/2

[Event "Schachfestival Basel"]
[Site "?"]
[Date "2017.01.07"]
[Round "8.19"]
[White "Bluhm, Sonja Maria"]
[Black "Engel, Luis"]
[Result "0-1"]
[WhiteElo "2276"]
[BlackElo "2373"]
[PlyCount "96"]
[EventDate "2017.01.??"]
[EventType "swiss"]
[EventRounds "9"]

1. d4 g6 2. Bf4 Bg7 3. Nc3 d6 4. Qd2 Nd7 5. e4 a6 6. Nf3 b5 7. e5 Bb7 8. Be2 c5
9. exd6 cxd4 10. dxe7 Qb6 11. Rd1 Nxe7 12. O-O Qc6 13. Nb1 Nc5 14. Bh6 Bxh6 15.
Qxh6 Nf5 16. Qg5 O-O 17. Bd3 Nxd3 18. cxd3 Rfe8 19. Rc1 Qe6 20. Nbd2 Qxa2 21.
Rc5 Ng7 22. Qh6 Ne6 23. Re5 f6 24. Re2 Ng7 25. Rxe8+ Rxe8 26. Qf4 Qxb2 27. Qxf6
Qc3 28. Ne4 Bxe4 29. dxe4 Ne6 30. Ne5 Qc7 31. Ng4 Qg7 32. Ra1 h5 33. Rxa6 hxg4
34. Rxe6 Qxf6 35. Rxf6 Rxe4 36. f3 gxf3 37. gxf3 Kg7 38. Rb6 Re5 39. Rd6 b4 40.
Rxd4 Rb5 41. Rd2 b3 42. Rb2 Kf6 43. Kf2 Rb8 44. f4 Kf5 45. Kg3 Rb4 46. h4 Rb5
47. Kf3 Rb6 48. Kg3 Rb4 0-1

[Event "Schachfestival Basel"]
[Site "?"]
[Date "2017.01.07"]
[Round "8.20"]
[White "Mesaros, Florian"]
[Black "Wagner, Benjamin"]
[Result "1-0"]
[WhiteElo "2372"]
[BlackElo "1926"]
[PlyCount "63"]
[EventDate "2017.01.??"]
[EventType "swiss"]
[EventRounds "9"]

1. Nf3 Nf6 2. c4 g6 3. Nc3 Bg7 4. e4 d6 5. d4 O-O 6. Be2 e5 7. O-O Nc6 8. d5
Ne7 9. b4 a5 10. bxa5 c5 11. a4 Rxa5 12. Nd2 Nd7 13. Nb5 Ra6 14. Ra3 f5 15.
exf5 Nxf5 16. Ne4 Nf6 17. Bd3 Nxe4 18. Bxe4 Nd4 19. Nxd4 exd4 20. f4 Qf6 21.
Bd2 Re8 22. Qb1 b6 23. f5 g5 24. Rg3 h6 25. Bd3 Bd7 26. h4 Qe5 27. Rg4 gxh4 28.
Bxh6 Re7 29. f6 Bxg4 30. Bh7+ Kh8 31. fxg7+ Rxg7 32. Rf8+ 1-0

[Event "Schachfestival Basel"]
[Site "?"]
[Date "2017.01.07"]
[Round "8.21"]
[White "Schweizer, Simon"]
[Black "Akshat, Kamparia"]
[Result "0-1"]
[WhiteElo "2131"]
[BlackElo "2358"]
[PlyCount "60"]
[EventDate "2017.01.??"]
[EventType "swiss"]
[EventRounds "9"]

1. e4 c5 2. Nf3 Nc6 3. Nc3 g6 4. d4 cxd4 5. Nxd4 Bg7 6. Be3 Nf6 7. Bc4 O-O 8.
Bb3 e6 9. h3 d5 10. exd5 exd5 11. O-O Be6 12. Nce2 Qd6 13. c3 a6 14. a4 Rfe8
15. Bc2 Na5 16. Qc1 Bd7 17. Bf4 Qf8 18. Ng3 Rac8 19. Rd1 Nc4 20. a5 Ne4 21.
Nge2 Nc5 22. b3 Ne5 23. Be3 Ne4 24. Bxe4 dxe4 25. c4 Nd3 26. Qd2 Rcd8 27. Rab1
Bc8 28. Qc3 h6 29. Nf4 Rxd4 30. Bxd4 Nxf4 0-1

[Event "Schachfestival Basel"]
[Site "?"]
[Date "2017.01.07"]
[Round "8.22"]
[White "Bao, Qilin"]
[Black "Arcuti, Davide"]
[Result "1-0"]
[WhiteElo "2343"]
[BlackElo "2269"]
[PlyCount "59"]
[EventDate "2017.01.??"]
[EventType "swiss"]
[EventRounds "9"]

1. d4 Nf6 2. Nf3 e6 3. g3 d5 4. Bg2 c6 5. O-O Nbd7 6. c4 Be7 7. Nc3 O-O 8. Qd3
b6 9. e4 dxe4 10. Nxe4 Nxe4 11. Qxe4 Bb7 12. Rd1 Rc8 13. Bf4 Ba8 14. Qe2 Re8
15. a3 Bf6 16. Ne5 Qe7 17. Rd2 Red8 18. Rad1 Nf8 19. Be3 Qe8 20. f4 Bb7 21. b4
Rc7 22. Bf2 b5 23. c5 Ng6 24. Ng4 Be7 25. Re1 Qd7 26. h4 h6 27. Bh3 Bf8 28. h5
Ne7 29. Ne5 Qe8 30. Nxf7 1-0

[Event "Schachfestival Basel"]
[Site "?"]
[Date "2017.01.07"]
[Round "8.23"]
[White "Roe, Simon J"]
[Black "Faibisovich, Vadim Z"]
[Result "1/2-1/2"]
[WhiteElo "2211"]
[BlackElo "2320"]
[PlyCount "41"]
[EventDate "2017.01.??"]
[EventType "swiss"]
[EventRounds "9"]

1. Nf3 d5 2. c4 e6 3. g3 Nf6 4. Bg2 Nbd7 5. b3 Be7 6. Bb2 O-O 7. O-O b6 8. Nc3
Bb7 9. d4 c5 10. cxd5 Nxd5 11. Nxd5 Bxd5 12. Rc1 Rc8 13. Qd2 cxd4 14. Nxd4 Bxg2
15. Kxg2 Nf6 16. Rfd1 Qd5+ 17. f3 Rfd8 18. Rxc8 Rxc8 19. Rc1 Qd7 20. Rxc8+ Qxc8
21. Qc2 1/2-1/2

[Event "Schachfestival Basel"]
[Site "?"]
[Date "2017.01.07"]
[Round "8.24"]
[White "Pratyusha, Bodda"]
[Black "Schmitz, Thorsten"]
[Result "1-0"]
[WhiteElo "2247"]
[BlackElo "2314"]
[PlyCount "53"]
[EventDate "2017.01.??"]
[EventType "swiss"]
[EventRounds "9"]

1. d4 Nf6 2. c4 g6 3. Nc3 Bg7 4. e4 d6 5. Be2 O-O 6. Nf3 e5 7. Be3 exd4 8. Nxd4
Re8 9. f3 c6 10. Nc2 Na6 11. O-O d5 12. cxd5 cxd5 13. Bb5 Bd7 14. Bxd7 Qxd7 15.
exd5 Nb4 16. Nxb4 Rxe3 17. Qd2 Re5 18. Rfe1 Rh5 19. d6 Bf8 20. Rad1 Rd8 21.
Nbd5 Nxd5 22. Nxd5 Bg7 23. Qf4 f5 24. Qc4 Kh8 25. Qc7 h6 26. Re7 Qxd6 27. Re8+
1-0

[Event "Schachfestival Basel"]
[Site "?"]
[Date "2017.01.07"]
[Round "8.25"]
[White "Pelletier, Yannick"]
[Black "Tschann, Stephan"]
[Result "0-1"]
[WhiteElo "2576"]
[BlackElo "2208"]
[PlyCount "146"]
[EventDate "2017.01.??"]
[EventType "swiss"]
[EventRounds "9"]

1. Nf3 d5 2. g3 Nf6 3. Bg2 c5 4. O-O e6 5. d3 Nc6 6. Nbd2 Be7 7. e4 b6 8. Re1
Bb7 9. a3 Qc7 10. Qe2 O-O 11. e5 Nd7 12. h4 Rfc8 13. c3 b5 14. Nf1 a5 15. Bg5
Bf8 16. h5 h6 17. Bf4 b4 18. g4 bxc3 19. bxc3 Ba6 20. g5 Rab8 21. gxh6 gxh6 22.
Qd2 Kh7 23. Ne3 Nf6 24. Qd1 Rb2 25. Bh2 Ng8 26. Ng4 Qd8 27. Qc1 Rcb8 28. Qf4
R8b7 29. c4 dxc4 30. Qe4+ Kh8 31. Qxc6 R7b6 32. Qe4 cxd3 33. Nf6 Nxf6 34. exf6
Re2 35. Rxe2 dxe2 36. Re1 Qd1 37. Qa8 Kg8 38. Bf4 Bb7 39. Qxa5 Rb3 40. Be3 c4
41. Nd4 c3 42. Nc2 Bxg2 43. Qa4 Qxc2 44. Kxg2 Rb2 45. Qg4+ Kh8 46. Bc5 Rb5 47.
Be3 Qd3 48. Qxe2 Qxe2 49. Rxe2 Rb2 50. Re1 Bxa3 51. Kf1 Ra2 52. Bxh6 Bc5 53.
Rc1 Rxf2+ 54. Ke1 c2 55. Bd2 Rh2 56. Rxc2 Rxh5 57. Rc4 Kh7 58. Rg4 Re5+ 59. Kd1
Bf8 60. Bc3 Rh5 61. Ra4 Kg6 62. Ra8 Rh8 63. Ra4 Rh1+ 64. Ke2 Bh6 65. Ra8 Bg5
66. Rg8+ Kf5 67. Rg7 Rh2+ 68. Kf1 Rc2 69. Bd4 Rc4 70. Bb2 Rc2 71. Bd4 Rc1+ 72.
Ke2 Rc4 73. Ba1 Rc7 0-1

[Event "Schachfestival Basel"]
[Site "?"]
[Date "2017.01.07"]
[Round "8.26"]
[White "Beeke, Bob"]
[Black "Lorscheid, Gerhard"]
[Result "0-1"]
[WhiteElo "2315"]
[BlackElo "2203"]
[PlyCount "106"]
[EventDate "2017.01.??"]
[EventType "swiss"]
[EventRounds "9"]

1. d4 d6 2. Nf3 Nf6 3. Nbd2 g6 4. e4 Bg7 5. Bd3 O-O 6. O-O c5 7. c3 cxd4 8.
Nxd4 Nbd7 9. Re1 a6 10. a4 Qc7 11. Qe2 b6 12. N2f3 e5 13. Nb3 d5 14. exd5 Nxd5
15. Qe4 Bb7 16. Qh4 Rae8 17. Bf1 Ne7 18. Qh3 Bd5 19. Nbd2 Be6 20. Qh4 Nf5 21.
Qb4 a5 22. Qe4 Nd6 23. Qc2 Bf5 24. Qd1 Rd8 25. Nb3 h6 26. Be3 Nb7 27. Qc1 Kh7
28. Rd1 Nbc5 29. Nxc5 Nxc5 30. Bxc5 Qxc5 31. Qe3 Qxe3 32. fxe3 Bc2 33. Rd2 Bb3
34. Kf2 f5 35. Be2 g5 36. Bd1 Be6 37. Bc2 g4 38. Rad1 Rxd2+ 39. Nxd2 Rd8 40.
Ke2 Kg6 41. g3 Bf8 42. Rf1 Kg5 43. Bd3 h5 44. Bb5 Bd6 45. Bc6 Rc8 46. Bb5 Rh8
47. h4+ gxh3 48. Rh1 Kg6 49. Kf2 Bc5 50. Kf3 Bd5+ 51. e4 fxe4+ 52. Ke2 Be6 53.
Nxe4 Bg4+ 0-1

[Event "Schachfestival Basel"]
[Site "?"]
[Date "2017.01.07"]
[Round "8.27"]
[White "Haag, Gregor"]
[Black "Schleich, Markus"]
[Result "1/2-1/2"]
[WhiteElo "2251"]
[BlackElo "2196"]
[PlyCount "110"]
[EventDate "2017.01.??"]
[EventType "swiss"]
[EventRounds "9"]

1. d4 g6 2. c4 Nf6 3. Nf3 Bg7 4. Nc3 O-O 5. e4 d6 6. Be2 Na6 7. O-O e5 8. Be3
c6 9. dxe5 dxe5 10. Qxd8 Rxd8 11. Rfd1 Re8 12. c5 Nc7 13. h3 Nd7 14. b4 Ne6 15.
Bc4 Ndf8 16. Rd6 Rd8 17. Rad1 Rxd6 18. Rxd6 Nc7 19. a4 Be6 20. Be2 Ne8 21. Rd1
f6 22. Nd2 Kf7 23. Nc4 Bxc4 24. Bxc4+ Ke7 25. b5 Ne6 26. Rb1 Rd8 27. a5 N6c7
28. b6 axb6 29. cxb6 Ne6 30. a6 Nd6 31. Bxe6 Kxe6 32. Rd1 bxa6 33. Na4 Bf8 34.
Nc5+ Kf7 35. Nxa6 Nb7 36. Rc1 c5 37. Nxc5 Bxc5 38. Bxc5 Rc8 39. Be3 Rxc1+ 40.
Bxc1 Ke6 41. g4 Kd7 42. Ba3 Nd6 43. f3 Ne8 44. Kg2 Kc6 45. Bc5 Nd6 46. Bb4 Nc8
47. g5 fxg5 48. Bc3 Nxb6 49. Bxe5 Nd7 50. Bd4 Kd6 51. Kg3 Nf8 52. Be3 Ne6 53.
Kg4 h5+ 54. Kg3 Ke5 55. Bc1 Kd4 1/2-1/2

[Event "Schachfestival Basel"]
[Site "?"]
[Date "2017.01.07"]
[Round "8.28"]
[White "Sieber, Fiona"]
[Black "Yakimenko, Alexander A"]
[Result "0-1"]
[WhiteElo "2203"]
[BlackElo "2242"]
[PlyCount "114"]
[EventDate "2017.01.??"]
[EventType "swiss"]
[EventRounds "9"]

1. e4 e5 2. Nf3 Nc6 3. Bb5 a6 4. Ba4 d6 5. d4 Bd7 6. O-O Nf6 7. c3 Be7 8. Re1
O-O 9. Nbd2 b5 10. Bc2 Bg4 11. h3 Bh5 12. Nf1 exd4 13. cxd4 Bxf3 14. gxf3 Nb4
15. Bb1 c5 16. d5 a5 17. f4 Re8 18. Qf3 Bf8 19. Bd2 g6 20. a3 Na6 21. a4 b4 22.
Ne3 Nc7 23. Nc4 Ra7 24. Bc2 Na8 25. Rad1 Nb6 26. Nxb6 Qxb6 27. e5 Nh5 28. e6
Ng7 29. f5 gxf5 30. exf7+ Rxf7 31. Rxe8 Nxe8 32. Bxf5 Kh8 33. Qh5 Rg7+ 34. Kh1
Nf6 35. Qh4 Ng8 36. Bg5 Qc7 37. Be6 Be7 38. f4 Bxg5 39. fxg5 Qe7 40. Rg1 Qf8
41. g6 Qf3+ 42. Kh2 Qf6 43. Qxf6 Nxf6 44. gxh7 Rxg1 45. Kxg1 c4 46. Kf1 Ne4 47.
Ke1 Nc5 48. Kd2 Kxh7 49. Bg4 Nxa4 50. Kc1 Nb6 51. Be2 Kh6 52. h4 a4 53. Kb1 b3
54. Kc1 c3 55. bxc3 a3 56. Bd3 Na4 57. Bc4 a2 0-1

[Event "Schachfestival Basel"]
[Site "?"]
[Date "2017.01.07"]
[Round "8.29"]
[White "Ditter, Juergen"]
[Black "Keetman, Maaike"]
[Result "1/2-1/2"]
[WhiteElo "2140"]
[BlackElo "2232"]
[PlyCount "43"]
[EventDate "2017.01.??"]
[EventType "swiss"]
[EventRounds "9"]

1. e4 c5 2. Nf3 e6 3. d4 cxd4 4. Nxd4 Nc6 5. Nb5 d6 6. c4 Nf6 7. N1c3 a6 8. Na3
Be7 9. Be2 O-O 10. O-O b6 11. Be3 Bb7 12. Nc2 Ne5 13. f4 Ned7 14. Bf3 Rc8 15.
Na3 d5 16. exd5 Bxa3 17. bxa3 Rxc4 18. Qd3 exd5 19. Nxd5 Bxd5 20. Bxd5 Nxd5 21.
Qxd5 Qc7 22. Rac1 1/2-1/2

[Event "Schachfestival Basel"]
[Site "?"]
[Date "2017.01.07"]
[Round "8.30"]
[White "Ruff, Maximilian"]
[Black "Guennigmann, Manuel"]
[Result "1-0"]
[WhiteElo "2228"]
[BlackElo "2183"]
[PlyCount "143"]
[EventDate "2017.01.??"]
[EventType "swiss"]
[EventRounds "9"]

1. d4 Nf6 2. c4 d6 3. Nc3 Nbd7 4. e4 e5 5. d5 Nc5 6. f3 a5 7. Be3 Be7 8. Qd2
O-O 9. Nge2 Ne8 10. g4 h6 11. Ng3 Bg5 12. O-O-O Bxe3 13. Qxe3 Qg5 14. Qxg5 hxg5
15. h4 gxh4 16. Rxh4 g6 17. Be2 Kg7 18. Rdh1 Kf6 19. Rh7 Bd7 20. Kd2 c6 21. Ke3
Nc7 22. f4 exf4+ 23. Kxf4 Rae8 24. g5+ Ke7 25. e5 cxd5 26. cxd5 dxe5+ 27. Kxe5
Bc8 28. Kd4 Kd6 29. Nge4+ Nxe4 30. Nxe4+ Rxe4+ 31. Kxe4 Nxd5 32. Rh8 Bf5+ 33.
Kd4 Rxh8 34. Rxh8 Nf4 35. Bc4 Ne6+ 36. Bxe6 Bxe6 37. a3 b6 38. Rb8 Kc7 39. Ra8
Kd6 40. Rb8 Kc7 41. Rh8 Kd6 42. Rh1 a4 43. Rf1 Kc6 44. Ke5 b5 45. Rc1+ Bc4 46.
Kd4 Kd6 47. Re1 Be6 48. Re5 Bc4 49. Re8 Kd7 50. Re3 Kd6 51. Rf3 Ke6 52. Rf6+
Ke7 53. Rb6 Kf8 54. Ke5 Kg7 55. Rb7 Be2 56. Kd6 Bd3 57. Ke7 Bf1 58. Rb6 Be2 59.
Rf6 Bc4 60. Rf4 Bb3 61. Kd6 Bc4 62. Kc5 Be2 63. Kb4 Bd3 64. b3 axb3 65. Kxb3
Be2 66. Kc3 Kf8 67. Kd2 Bc4 68. a4 Ke7 69. Kc3 Kd6 70. Kb4 Ke5 71. Rf6 Be6 72.
Kxb5 1-0

[Event "Schachfestival Basel"]
[Site "?"]
[Date "2017.01.07"]
[Round "8.31"]
[White "Curien, Nicolas"]
[Black "Schneider, Jana"]
[Result "1-0"]
[WhiteElo "2175"]
[BlackElo "2274"]
[PlyCount "49"]
[EventDate "2017.01.??"]
[EventType "swiss"]
[EventRounds "9"]

1. d4 Nf6 2. Nc3 d5 3. Bf4 Bf5 4. e3 e6 5. Nf3 Bd6 6. Ne5 O-O 7. g4 Bxe5 8.
dxe5 Nxg4 9. f3 Nh6 10. h4 f6 11. e4 dxe4 12. Qxd8 Rxd8 13. fxe4 Bg6 14. Bc4
Nc6 15. exf6 Nd4 16. O-O-O Ng4 17. Rxd4 Rxd4 18. Bxe6+ Kf8 19. fxg7+ Kxg7 20.
Bxg4 Re8 21. Rg1 Kh8 22. Bxc7 Bxe4 23. Nxe4 Rdxe4 24. Ba5 h5 25. Bc3+ 1-0

[Event "Schachfestival Basel"]
[Site "?"]
[Date "2017.01.07"]
[Round "8.32"]
[White "Metz, Hartmut"]
[Black "Pfatteicher, Lukas"]
[Result "1/2-1/2"]
[WhiteElo "2255"]
[BlackElo "2216"]
[PlyCount "104"]
[EventDate "2017.01.??"]
[EventType "swiss"]
[EventRounds "9"]

1. e4 c5 2. Nf3 a6 3. c4 b6 4. d4 cxd4 5. Nxd4 Bb7 6. Nc3 e6 7. Bd3 d6 8. O-O
Nf6 9. Re1 Nbd7 10. Bf1 Be7 11. b3 O-O 12. Bb2 Qc7 13. g3 Rac8 14. Bg2 Qb8 15.
Rc1 Rfe8 16. h3 Qa8 17. Rc2 Bf8 18. Rce2 Red8 19. Qb1 Rc7 20. Kh2 Rdc8 21. Nd1
Rc5 22. Ba3 R5c7 23. Bb2 Rc5 24. Ba3 R5c7 25. f3 Qb8 26. Bb2 Ba8 27. a4 Ne5 28.
f4 Nc6 29. e5 Nxd4 30. Bxd4 Nd7 31. exd6 Bxd6 32. Qb2 Bf8 33. Nc3 Bxg2 34. Rxg2
Nc5 35. Rd1 Qb7 36. Rgd2 Rd7 37. Bxc5 Rxd2+ 38. Qxd2 bxc5 39. Qc2 Rb8 40. Rb1
Be7 41. Qg2 Qb4 42. Qc2 g6 43. Ne4 Qb7 44. Qe2 Rd8 45. h4 Rd4 46. Nd2 Bf6 47.
Nf3 Rd8 48. Kg2 Qb4 49. Qc2 Rb8 50. Kf2 Qb7 51. Ke2 Kg7 52. Kf2 Qb4 1/2-1/2

[Event "Schachfestival Basel"]
[Site "?"]
[Date "2017.01.07"]
[Round "8.33"]
[White "Kappeler, Kaspar"]
[Black "Beukema, Jasper"]
[Result "0-1"]
[WhiteElo "2241"]
[BlackElo "2182"]
[PlyCount "128"]
[EventDate "2017.01.??"]
[EventType "swiss"]
[EventRounds "9"]

1. d4 f5 2. Nf3 e6 3. g3 Nf6 4. Bg2 Be7 5. O-O O-O 6. c4 d6 7. Nc3 Ne4 8. Nxe4
fxe4 9. Nd2 d5 10. f3 Nc6 11. fxe4 Rxf1+ 12. Nxf1 dxc4 13. e3 e5 14. Qe2 b5 15.
a4 exd4 16. axb5 d3 17. Qh5 Nb4 18. Bd2 Be6 19. Ra4 a5 20. bxa6 c5 21. Bh3 Bf7
22. Qg4 Rxa6 23. Rxa6 Nxa6 24. Bc3 Qf8 25. e5 Nc7 26. Qd7 Qd8 27. e6 Be8 28.
Qxd8 Bxd8 29. Nd2 Bg5 30. Nxc4 Bb5 31. b3 Nd5 32. Bd2 Bxc4 33. bxc4 Nxe3 34.
Kf2 Nd1+ 35. Ke1 Bxd2+ 36. Kxd2 Nb2 37. Bf1 Nxc4+ 38. Kxd3 Nd6 39. Ke3 Kf8 40.
Kf4 Ke7 41. Ke5 c4 42. h4 h6 43. g4 c3 44. Bd3 Nb5 45. Be4 Nc7 46. Kd4 Kxe6 47.
Kxc3 Ke5 48. Kd3 Kf4 49. g5 h5 50. Bg6 Kg4 51. Ke4 Kxh4 52. Kf5 Nb5 53. Bh7
Nd4+ 54. Kg6 Ne6 55. Bg8 Nf4+ 56. Kxg7 Kxg5 57. Bc4 h4 58. Bf1 Nd5 59. Bh3 Ne3
60. Kf7 Kf4 61. Kf6 Ng4+ 62. Kg6 Kg3 63. Bf1 Ne3 64. Ba6 h3 0-1

[Event "Schachfestival Basel"]
[Site "?"]
[Date "2017.01.07"]
[Round "8.34"]
[White "Graeber, Fabien"]
[Black "Heinemann, Josefine"]
[Result "1/2-1/2"]
[WhiteElo "2073"]
[BlackElo "2227"]
[PlyCount "88"]
[EventDate "2017.01.??"]
[EventType "swiss"]
[EventRounds "9"]

1. d4 Nf6 2. c4 g6 3. Nc3 d5 4. cxd5 Nxd5 5. e4 Nxc3 6. bxc3 Bg7 7. Nf3 c5 8.
Be3 Qa5 9. Qd2 Nc6 10. Rb1 a6 11. Rc1 f5 12. Bd3 cxd4 13. cxd4 Qxd2+ 14. Kxd2
O-O 15. d5 Nb4 16. Bc4 Kh8 17. a3 fxe4 18. Ng5 Nd3 19. Rb1 b5 20. Ba2 Bf5 21.
d6 Ne5 22. dxe7 Rfe8 23. Bc5 Bh6 24. h4 Rac8 25. Rbc1 Kg7 26. Bd6 Nc4+ 27. Bxc4
bxc4 28. Ke3 Kg8 29. Kf4 e3 30. fxe3 Bd3 31. e4 Bg7 32. e5 h6 33. Ne6 Kf7 34.
Nc5 g5+ 35. hxg5 hxg5+ 36. Kxg5 Bxe5 37. Bxe5 Rxc5 38. Kf4 Rxe7 39. Rhe1 Re6
40. g4 c3 41. Bd4 Rxe1 42. Rxe1 Rc4 43. Ke3 c2 44. Bb2 Re4+ 1/2-1/2

[Event "Schachfestival Basel"]
[Site "?"]
[Date "2017.01.07"]
[Round "8.35"]
[White "Vulevic, Vjekoslav"]
[Black "Kaeppeli, Adriano"]
[Result "1-0"]
[WhiteElo "2225"]
[BlackElo "1952"]
[PlyCount "107"]
[EventDate "2017.01.??"]
[EventType "swiss"]
[EventRounds "9"]

1. e4 e5 2. Bc4 Nc6 3. Nf3 Bc5 4. O-O Nf6 5. d3 d6 6. h3 h6 7. Nc3 a6 8. Be3
Bxe3 9. fxe3 Na5 10. Qe1 Nxc4 11. dxc4 Be6 12. b3 Qd7 13. Rd1 Qc6 14. Nd2 O-O-O
15. Nd5 Qd7 16. a4 h5 17. a5 Rh6 18. Rf3 h4 19. Qf1 Nh5 20. Kh2 g5 21. Nf6 Qe7
22. Nxh5 Rxh5 23. Rf6 Rg8 24. Qf2 g4 25. hxg4 Rxg4 26. Rg1 Rg3 27. Nf1 Qd8 28.
Nd2 Qg8 29. Rf3 Qg4 30. b4 Rg5 31. b5 Qh5 32. b6 h3 33. Qxg3 hxg2+ 34. Kxg2
Rxg3+ 35. Kxg3 Bg4 36. Rff1 Qh3+ 37. Kf2 Qh4+ 38. Rg3 Qh2+ 39. Rg2 Qh4+ 40. Kg1
f5 41. exf5 Qh3 42. f6 Qxe3+ 43. Kh1 Qh6+ 44. Rh2 Qf8 45. Rh7 cxb6 46. axb6 Be6
47. f7 Kd7 48. Rg1 Bxf7 49. Rf1 Ke6 50. Rfxf7 Qxf7 51. Rxf7 Kxf7 52. Nb3 Ke6
53. Na5 Kd7 54. Kg2 1-0

[Event "Schachfestival Basel"]
[Site "?"]
[Date "2017.01.07"]
[Round "8.36"]
[White "Ramaraju, N."]
[Black "Srienz, Christian"]
[Result "1/2-1/2"]
[WhiteElo "2124"]
[BlackElo "2223"]
[PlyCount "28"]
[EventDate "2017.01.??"]
[EventType "swiss"]
[EventRounds "9"]

1. Nf3 Nf6 2. c4 e6 3. g3 a6 4. Bg2 b5 5. b3 c5 6. Nc3 Qb6 7. e4 Bb7 8. e5 Ne4
9. Nxe4 Bxe4 10. d3 Bb7 11. O-O d5 12. Qe2 Be7 13. Re1 O-O 14. h4 Nd7 1/2-1/2

[Event "Schachfestival Basel"]
[Site "?"]
[Date "2017.01.07"]
[Round "8.38"]
[White "Cholleti, Sahajasri"]
[Black "Halfhide, Sebastian"]
[Result "1/2-1/2"]
[WhiteElo "1987"]
[BlackElo "2222"]
[PlyCount "52"]
[EventDate "2017.01.??"]
[EventType "swiss"]
[EventRounds "9"]

1. Nf3 Nf6 2. c4 e6 3. g3 c5 4. Bg2 Be7 5. O-O O-O 6. Nc3 a6 7. d4 cxd4 8. Nxd4
Qc7 9. Qd3 d6 10. b3 Nbd7 11. Bb2 Re8 12. Rfd1 Ne5 13. Qd2 Bd7 14. Rac1 Rac8
15. Ne4 Nxe4 16. Bxe4 Qb8 17. Nf3 Nxf3+ 18. Bxf3 b5 19. Ba3 bxc4 20. Bxd6 Bxd6
21. Qxd6 Qxd6 22. Rxd6 cxb3 23. Rxc8 Bxc8 24. axb3 Kf8 25. Rb6 Ke7 26. Bb7 Bxb7
1/2-1/2

[Event "Schachfestival Basel"]
[Site "?"]
[Date "2017.01.07"]
[Round "8.39"]
[White "Schmider, Niklas"]
[Black "Jaber, Daniel"]
[Result "1-0"]
[WhiteElo "2065"]
[BlackElo "2135"]
[PlyCount "73"]
[EventDate "2017.01.??"]
[EventType "swiss"]
[EventRounds "9"]

1. e4 c5 2. Nf3 d6 3. d4 cxd4 4. Nxd4 Nf6 5. Nc3 e6 6. g4 Nc6 7. g5 Nd7 8. Be3
Be7 9. h4 O-O 10. Qd2 a6 11. f4 Qc7 12. O-O-O b5 13. a3 Nxd4 14. Qxd4 Bb7 15.
h5 e5 16. Qd2 exf4 17. Bxf4 Ne5 18. Bh3 Kh8 19. Bf5 Nc4 20. Qg2 Qa5 21. Nb1 d5
22. g6 Bf6 23. e5 Nxe5 24. h6 Nxg6 25. hxg7+ Kxg7 26. Bh6+ Kg8 27. Bxf8 Kxf8
28. Rxh7 Ne5 29. Be6 Qb6 30. Bxd5 Bxd5 31. Qxd5 Rd8 32. Rh8+ Bxh8 33. Qxd8+
Qxd8 34. Rxd8+ Kg7 35. Rd6 f5 36. Rxa6 Kf7 37. Nd2 1-0

[Event "Schachfestival Basel"]
[Site "?"]
[Date "2017.01.07"]
[Round "8.40"]
[White "Zwahr, Paul"]
[Black "Schultze, Joerg Martin"]
[Result "0-1"]
[WhiteElo "2325"]
[BlackElo "1984"]
[PlyCount "58"]
[EventDate "2017.01.??"]
[EventType "swiss"]
[EventRounds "9"]

1. e4 c6 2. d4 d5 3. Nd2 dxe4 4. Nxe4 Bf5 5. Ng3 Bg6 6. h4 h6 7. Nf3 Nd7 8. h5
Bh7 9. Bd3 Bxd3 10. Qxd3 Ngf6 11. Bd2 e6 12. O-O-O Be7 13. Kb1 O-O 14. Ne4 Qc7
15. g4 Nxg4 16. Qe2 Kh8 17. Rdg1 Ngf6 18. Bxh6 gxh6 19. Qe3 Nh7 20. Qxh6 Rg8
21. Rg6 fxg6 22. hxg6 Rg7 23. Qxh7+ Rxh7 24. Rxh7+ Kg8 25. Rxe7 Qf4 26. Nfg5
Nf6 27. Rf7 Nxe4 28. Rxf4 Nxg5 29. Rg4 Nh3 0-1

[Event "Schachfestival Basel"]
[Site "?"]
[Date "2017.01.07"]
[Round "8.41"]
[White "Xheladini, Mahmut"]
[Black "Probst, Andreas"]
[Result "1-0"]
[WhiteElo "2171"]
[BlackElo "2093"]
[PlyCount "81"]
[EventDate "2017.01.??"]
[EventType "swiss"]
[EventRounds "9"]

1. e4 g6 2. d4 Bg7 3. c3 d6 4. f4 e6 5. Nf3 Ne7 6. Be3 Nd7 7. Bd3 b6 8. a4 a6
9. Nbd2 Bb7 10. Qb3 d5 11. e5 Nf5 12. Bf2 h5 13. g3 Bf8 14. h3 c5 15. Qd1 c4
16. Bc2 Be7 17. O-O Kf8 18. Re1 b5 19. axb5 axb5 20. Qe2 Bc6 21. Nf1 Nb6 22.
Ne3 Nxe3 23. Bxe3 Kg7 24. Qg2 Na4 25. Ra2 b4 26. cxb4 Bxb4 27. Rea1 Qd7 28. g4
hxg4 29. hxg4 Nxb2 30. f5 Rxa2 31. f6+ Kf8 32. Rxa2 Na4 33. Bxa4 Bxa4 34. Qb2
Qb5 35. Qa1 Bc3 36. Qxc3 Qb1+ 37. Bc1 Rh4 38. Qa3+ Kg8 39. Nxh4 Kh7 40. Rh2 g5
41. Nf5+ 1-0